00494nam a22001697a 45000050016000000100017000160200042000330350017000750370019000920820006001111000018001172450040001352600039001752700058002143000023002724900029002952012010502312.0 aB-470350-361 a9789380848051c$ 4.95 Rs. 470350-361 aB-470350-361 bBlue Berry/Ven aN aAusten, Jane  aPride & prejudice /cby Jane Austen aNew Delhi bBlueberry Books c2011 a4675A/21, Ansari Road, Daryaganj bNew Delhi e110002 a437p. c20cm(pbk)  aComplete and unabridged